Statistiques concernant Focus sur: Éomer - Tolkien

Cliquez ici pour prendre le quiz!

Statistiques générales

  • Ce quiz a été pris 43 fois
  • Le résultat moyen est 9 sur 16

Statistiques - réponses

Informations recherchéesRéponses% Correct
Première apparitionLe Seigneur des Anneaux: Les Deux Tours
100%
EspèceHomme
95%
Ages durant lequel il vécutTroisième/Quatrième
95%
Couleur des cheveuxBlond
92%
RoyaumeRohan
92%
Roi du Rohan
92%
SœurÉowyn
87%
CitéEdoras
79%
Professions et titresTroisième puis Premier Maréchal de la Marche
79%
Acteur l'interprétant dans les filmsKarl Urban
28%
Maison (lignée)Maison d'{Eorl}
26%
MèreThéodwyn
15%
PèreÉomund
13%
SurnomÉadig
10%
EpouseLothíriel
10%
FilsElfwine
8%

Distribution des résultats

Percentile par nombre de réponses

% des personnes avec chaque résultat

Votre développement - résultats

Vous n’avez pas pris ce quiz